पहिल्या भारतीय महिला शास्त्रज्ञ डॉ. कमला सोहोनी (Record no. 369948)

MARC details
000 -LEADER
fixed length control field 00537nam a2200157Ia 4500
005 - DATE AND TIME OF LATEST TRANSACTION
control field 20260121165308.0
008 - FIXED-LENGTH DATA ELEMENTS--GENERAL INFORMATION
fixed length control field 260121s9999 xx 000 0 und d
041 ## - LANGUAGE CODE
Language code of text/sound track or separate title mar
082 ## - DEWEY DECIMAL CLASSIFICATION NUMBER
Classification number 641.3
100 ## - MAIN ENTRY--PERSONAL NAME
Personal name हरम, नंदा
245 ## - TITLE STATEMENT
Title पहिल्या भारतीय महिला शास्त्रज्ञ डॉ. कमला सोहोनी
250 ## - EDITION STATEMENT
Edition statement 1
260 ## - PUBLICATION, DISTRIBUTION, ETC. (IMPRINT)
Name of publisher, distributor, etc. भारतीय विचार साधना फाउंडेशन
Date of publication, distribution, etc. 2017
300 ## - PHYSICAL DESCRIPTION
Extent 83
650 ## - SUBJECT ADDED ENTRY--TOPICAL TERM
Topical term or geographic name as entry element Food Science
9 (RLIN) 216385
Holdings
Withdrawn status Lost status Damaged status Not for loan Home library Current library Date acquired Vendor Cost, normal purchase price Bill number Total Checkouts Full call number Barcode Date last seen Cost, replacement price Bill Date Koha item type Original Barcode
        Manilal Nanavati Vocational Training Institute Pune Manilal Nanavati Vocational Training Institute Pune 25/04/2025 भारतीय विचार साधना फाउंडेशन 84.00 Ho/IN/603   641.3/HER/B2154 MNVT-BK-2154 21/01/2026 120.00 18/03/2025 Books B2154